Responses for show #480 - Friday, October 10, 1986

Dave Traini game 1.

Contestants

Rosalie Hill, a bookkeeper from Arroyo Grande, California

Dave Traini, a teacher from Medford Lakes, New Jersey

Steve Cowie, an actor from New York City, New York (whose 1-day cash winnings total $14,801)

[next game >>]

Jeopardy! Round responses

BIRTHSTONES
THE 1970s
CARS
TV ANIMALS
BETTE MIDLER
CRAZY TALK
    $100 3
12 tribes of Israel

Dave
    $100 17
super sonic

Steve
    $100 1
(Alex: Corolla, Celica, yes.)

C

Steve
    $100 9
Topo Gigio

Dave
    $100 10
(Dave: What is the rose?)

The Divine Miss M

DaveRosalie
    $100 22
nutty as a fruitcake

Dave
    $200 4
(Dave: What is Ruby?)

sapphire

DaveRosalie
    $200 18
(Dave: Who was Peggy Fleming?)

Dorothy Hamill

DaveRosalie
    $200 2
Plymouth

Rosalie
    $200 11
Soupy Sales

Rosalie
    $200 23
her books

Steve
    $200 24
bats in the belfry

Rosalie
    $300 5
pearl

Rosalie
    $300 19
Portugal

Steve
    $300 8
Korea

Rosalie
    $300 12
Manimal

Dave
    $300 28
mud

Triple Stumper
    $300 25
cuckoo, cuckoo

Dave
    $400 6
Topaz

Rosalie
    $400 20
'79

Steve
    $300 15
[Audio]...GTO...

Pontiac

Steve
    $400 13
(Alex: Right, and you are now out of the hole.)
(Dave: Thank God.)

Flub-A-Dub

Dave
    $400 26
(Alex: Yeah, that's good enough. One brick shy of a full load.)

not carrying a full load

Dave
    $500 7
(Dave: What is a ruby?)

emerald

SteveDave
    $500 21
(Richard) Leakey

Steve
    $500 16
push buttons

Steve
    $500 14
Fury

Steve
    $500 27
the elevator doesn't go all the way to the top

Triple Stumper

Scores at the first commercial break (after clue 14):

Steve Dave Rosalie
$1,100 $100 $1,700

Scores at the end of the Jeopardy! Round:

Steve Dave Rosalie
$3,400 $700 $2,100

Double Jeopardy! Round responses

ANCIENT WORLDS
NUTRITION
ODD SPORTS
LITERATURE
U.S. STATES
SPIRITUAL SONGS
    $200 1
China

Dave
    $200 24
fresh ground coffee

Dave
    $200 19
horseshoes

Dave
    $200 6
Harriet Beecher Stowe

Rosalie
    $200 11
Nevada

Dave
    $200 16
carry me home

Rosalie
    $400 2
Hammurabi

Dave
    $400 25
cholesterol

Rosalie
    $400 20
ocean (water)

Steve
    $400 7
Captain Nemo

Rosalie
    $2,000 12
Tennessee and Texas

Dave
    $400 17
Rock of Ages

Steve
    $600 3
Battle of Marathon

Dave
    $600 27
vitamin C

Rosalie
    $600 21
juggling

Steve
    $600 8
Emily Brontë

Rosalie
    $600 13
Florida

Dave
    $600 18
(Alex: Good old [*]. Who fit the battle of Jericho.)

Joshua

Triple Stumper
    $1,501 4
(Dave: That was a guess.)

wheels

Dave
    $800 29
vitamin A

Steve
    $800 22
mud wrestling

Rosalie
    $800 9
Thomas à Becket

Steve
    $800 14
(Steve: What is that Dakota came in was passed in Congress second?)
...
(Alex: That's the reason.)
(Dave: Another guess.)

South Dakota comes alphabetically after North Dakota

SteveDave
    $800 26
Martin Luther

Dave
    $1000 5
[Applause for run]

Phoenicia

Dave
    $1000 30
rice

Steve
    $1000 23
dog sleds

Dave
    $1000 10
(Alex: $200,000 check and it was through the good graces of Mark Twain by the way was the publisher.)

Ulysses S. Grant

Dave
    $1000 15
(Alex: [*], Maryland. You got it.)

Annapolis

Rosalie
    $1000 28
Who's that yonder dressed red?

Rosalie

Scores at the end of the Double Jeopardy! Round:

Steve Dave Rosalie
$6,600 $11,201 $7,300

[wagering suggestions for these scores]

Final Jeopardy! Round responses

THE CIVIL WAR
SteveWhat was Missouri?
$6,599
RosalieWhat is Kansas?
$5,000
DaveWhat was California?
$3,400
California

Final scores:

Steve Dave Rosalie
$1 $14,601 $2,300
3rd place: Skyway luggage New champion: $14,601 2nd place: a Vitamaster Monitor 500M Luxury exercise cycle + an Olympus Infinity 35 mm camera

Game dynamics:

Coryat scores:

Steve Dave Rosalie
$6,700 $8,900 $7,300
16 R
(including 1 DD),
1 W
21 R
(including 2 DDs),
4 W
18 R,
0 W

Combined Coryat: $22,900

The J! Archive is created by fans, for fans. The Jeopardy! game show and all elements thereof, including but not limited to copyright and trademark thereto, are the property of Jeopardy Productions, Inc. and are protected under law. This website is not affiliated with, sponsored by, or operated by Jeopardy Productions, Inc. Join the discussion at JBoard.tv.